Reglamento para el Colegio de Calatrava / (Record no. 85323)

MARC details
000 -LEADER
campo de control de longitud fija 00638nam a2200181 i 4500
001 - NÚMERO DE CONTROL
campo de control 85323
003 - IDENTIFICADOR DE NÚMERO DE CONTROL
campo de control ES-MaACL
005 - FECHA Y HORA DE LA ÚLTIMA TRANSACCIÓN
campo de control 20240118063004.0
007 - CAMPO FIJO DE DESCRIPCIÓN FÍSICA--INFORMACIÓN GENERAL
campo de control de longitud fija t|
008 - DATOS DE LONGITUD FIJA--INFORMACIÓN GENERAL
campo de control de longitud fija 041126s1964 sp ||||1| spa d
100 1# - ENTRADA PRINCIPAL--NOMBRE DE PERSONA
Nombre de persona Jovellanos, Gaspar Melchor de,
Fechas asociadas al nombre 1744-1811
9 (RLIN) 222580
245 10 - MENCIÓN DEL TÍTULO
Título Reglamento para el Colegio de Calatrava /
Mención de responsabilidad, etc. Gasar Melchor de Jovellanos ; edición, según el manuscrito oficial, prólogo y notas de José Caso González.
260 ## - PUBLICACIÓN, DISTRIBUCIÓN, ETC.
Lugar de publicación, distribución, etc. Gijón :
Nombre del editor, distribuidor, etc. Estella,
Fecha de publicación, distribución, etc. 1964.
300 ## - DESCRIPCIÓN FÍSICA
Extensión 254 p. ;
Dimensiones 25 cm.
700 1# - ENTRADA AGREGADA--NOMBRE PERSONAL
Nombre de persona Caso González, José.
9 (RLIN) 36328
852 ## - LOCALIZACIÓN
Ubicación ES-MaACL
Número de control de estantería C-26706
Sublocalización o colección R.55486
Holdings
Estatus retirado Estado de pérdida Estado de daño No para préstamo Biblioteca de origen Biblioteca actual Ubicación en estantería Fecha de adquisición Fuente de adquisición Total de préstamos Signatura topográfica completa Código de barras Visto por última vez Precio de reemplazo Tipo de ítem Koha
        Biblioteca del Ateneo de Madrid Biblioteca del Ateneo de Madrid Depósito 2 17/01/2008     C-26706 1089162 23/02/2023 23/02/2023 Libro impreso